L'empire au Mexique et la candidature d'un prince Bonaparte au trone mexicain / (Record no. 52953)

MARC details
000 -LEADER
campo de control de longitud fija 00831nam a2200229 i 4500
001 - NÚMERO DE CONTROL
campo de control 52953
003 - IDENTIFICADOR DE NÚMERO DE CONTROL
campo de control ES-MaACL
005 - FECHA Y HORA DE LA ÚLTIMA TRANSACCIÓN
campo de control 20230906162656.0
007 - CAMPO FIJO DE DESCRIPCIÓN FÍSICA--INFORMACIÓN GENERAL
campo de control de longitud fija t|
008 - DATOS DE LONGITUD FIJA--INFORMACIÓN GENERAL
campo de control de longitud fija 950906s1862 fr ||||1| fre d
080 ## - NÚMERO DE LA CLASIFICACIÓN DECIMAL UNIVERSAL
Número de la Clasificación Decimal Universal 94(72)
080 ## - NÚMERO DE LA CLASIFICACIÓN DECIMAL UNIVERSAL
Número de la Clasificación Decimal Universal 94(72)"1861/67"
100 1# - ENTRADA PRINCIPAL--NOMBRE DE PERSONA
Nombre de persona Domenech, Emmanuel.
9 (RLIN) 45073
245 12 - MENCIÓN DEL TÍTULO
Título L'empire au Mexique et la candidature d'un prince Bonaparte au trone mexicain /
Mención de responsabilidad, etc. par Emmanuel Domenech.
260 ## - PUBLICACIÓN, DISTRIBUCIÓN, ETC.
Lugar de publicación, distribución, etc. Paris :
Nombre del editor, distribuidor, etc. Dentu,
Fecha de publicación, distribución, etc. 1862 (
Fabricante Imp. de P.A. Bourdier et Cie.)
300 ## - DESCRIPCIÓN FÍSICA
Extensión [2], 154, [1] p. ;
Dimensiones 22 cm.
530 ## - NOTA DISPONIBLE DE FORMULARIO FÍSICO ADICIONAL
Nota de formato físico adicional disponible Disponible en formato digital.
651 #4 - PUNTO DE ACCESO ADICIONAL DE MATERIA--NOMBRE GEOGRÁFICO
Nombre geográfico México-
Subdivisión general Historia.
9 (RLIN) 9062
651 #4 - PUNTO DE ACCESO ADICIONAL DE MATERIA--NOMBRE GEOGRÁFICO
Nombre geográfico México-
Subdivisión general Historia-
Subdivisión cronológica 1861-1867, Intervención europea.
9 (RLIN) 146885
852 4# - LOCALIZACIÓN
Ubicación ES-MaACL
Número de control de estantería T-82-F-4
856 4# - LOCALIZACIÓN Y ACCESO ELECTRÓNICOS
Identificador Uniforme de Recursos <a href="http://bdh-rd.bne.es/viewer.vm?id=0000075007&page=1 ">http://bdh-rd.bne.es/viewer.vm?id=0000075007&page=1 </a>
Nota pública Biblioteca Digital Hispánica
Holdings
Estatus retirado Estado de pérdida Estado de daño No para préstamo Colección Biblioteca de origen Biblioteca actual Ubicación en estantería Fecha de adquisición Fuente de adquisición Total de préstamos Signatura topográfica completa Código de barras Visto por última vez Precio de reemplazo Tipo de ítem Koha
        Colección de folletos Biblioteca del Ateneo de Madrid Biblioteca del Ateneo de Madrid Depósito folletos 17/01/2008     T-82-F-4 1055647 23/02/2023 23/02/2023 Folleto